[Event "12th Asrian Memorial 2019"]
[Site "Yerevan"]
[Date "2019.06.11"]
[Round "1.1"]
[White "Martirosyan, Haik M."]
[Black "Manukyan, Aleks"]
[Result "1-0"]
[WhiteElo "2635"]
[BlackElo "1961"]
[Annotator "TA"]
[PlyCount "109"]
[EventDate "2019.06.11"]
[EventType "swiss"]
[EventCountry "ARM"]
[SourceTitle "playchess.com"]
[Source "ChessBase"]
[SourceQuality "1"]

{[%evp 18,109,25,27,33,27,37,37,56,54,65,55,68,51,68,63,66,58,55,47,56,33,89,86,98,64,64,68,57,48,108,89,98,33,66,69,64,67,41,39,71,65,72,15,95,34,45,43,38,0,42,24,46,46,74,70,70,70,74,64,68,68,77,66,70,69,103,81,170,165,190,133,228,218,195,203,351,350,348,347,343,325,320,317,302,0,327,321,297,195,522,522,474,448]} 1. d4 Nf6 2. c4 c5 3. d5 e6 4. Nc3 exd5 5. cxd5 d6 6. Nf3 g6 7. Bf4 Bg7 8. h3 O-O 9. e3 a6 10. a4 Ne8 {A61: Modern Benoni: Nf3 without early e4} 11. Be2 Nd7 12. O-O Qe7 {White is slightly better.} 13. a5 Ne5 14. Nd2 f5 15. Bh2 Nf6 16. Re1 {[#]} Nfd7 $146 ({Predecessor:} 16... Bd7 17. f4 Nf7 18. Bd3 {½-½ (39) Sargissian,G (2680)-Fier,A (2601) Bursa 2010}) 17. Bf1 b5 18. axb6 $1 Nxb6 19. Nb3 Bd7 ({Black should play} 19... Nbc4 $14) 20. Na5 $16 Kh8 21. Nc6 (21. Qd2 {is more complex.} Qd8 22. e4 Re8 23. exf5 gxf5 24. Nc6) 21... Bxc6 22. dxc6 Qc7 23. Rxa6 Qxc6 (23... Rxa6 $14 24. Bxa6 Qxc6) 24. Rxa8 Rxa8 25. Qc2 (25. e4 $16) 25... Nd5 26. Nxd5 Qxd5 27. Rd1 Qe6 28. Bg3 h6 29. e4 Rb8 30. Rd2 (30. exf5 $16 gxf5 31. Qa4) 30... Qf6 (30... fxe4 $11 {keeps the balance.} 31. Qxe4 Kh7) 31. Qd1 (31. exf5 $16 gxf5 32. Qd1) 31... f4 $14 32. Rxd6 Qf7 33. Bh2 g5 34. Rd2 (34. Qc1 {keeps more tension.} Qf8 35. Rd5 c4 36. Bxc4 Rxb2 37. Rb5) 34... Kh7 35. Kh1 Qb3 36. Qc1 $1 $36 {[%mdl 2048] White has some pressure.} c4 37. f3 Nd3 38. Bxd3 $1 cxd3 39. Bg1 Qb5 40. Qc7 Rb7 41. Qd8 Rd7 42. Qe8 Qb7 (42... Rb7 $16 {was necessary.} 43. Qxb5 Rxb5) 43. Kh2 $1 $18 Qc7 {[#]} 44. Qe6 (44. Bb6 $1 $18 {[%mdl 512]} Qd6 (44... Qxb6 45. Qxd7) 45. Qc8) 44... Qd6 {[#]} (44... Rd6 $16 45. Qb3 Qd8) 45. Qf5+ $1 Kg8 46. Qb5 Rd8 (46... Bd4 $142) 47. Bb6 Rd7 48. Bc5 Qc7 49. b4 {[%cal Bb2b4,Bb4b5][%mdl 32]} Qd8 50. Bb6 Qe7 51. Bc5 ({Less strong is} 51. Rxd3 Rxd3 52. Qxd3 Qxb4 $16) 51... Qd8 52. Qc4+ Kh8 53. b5 {Threatens to win with b6.} Be5 $2 (53... Qc8 {is more resistant.} 54. b6 Qc6 55. Rxd3 Rxd3 56. Qxd3 Qxc5) 54. Qe6 Bc3 55. Bb6 {Accuracy: White = 69%, Black = 39%.} 1-0

[Event "12th Asrian Memorial 2019"]
[Site "Yerevan"]
[Date "2019.06.11"]
[Round "1.2"]
[White "Sayadyan, Edvard"]
[Black "Onischuk, Vladimir"]
[Result "0-1"]
[WhiteElo "1959"]
[BlackElo "2630"]
[Annotator "TA"]
[PlyCount "78"]
[EventDate "2019.06.11"]
[EventType "swiss"]
[EventCountry "ARM"]
[SourceTitle "playchess.com"]
[Source "ChessBase"]
[SourceQuality "1"]

{[%evp 14,78,36,29,36,18,17,14,33,4,24,10,24,-10,0,-22,-9,-23,-20,-19,-18,-21,-29,-239,-240,-239,-225,-220,-219,-208,-150,-133,-108,-98,-57,-103,-108,-306,-320,-323,-318,-300,-333,-303,-167,-167,-166,-170,-170,-273,-114,-245,-25,-29,-37,-243,-218,-277,-297,-614,-612,-599,-591,-612,-589,-595,-563]} 1. Nf3 g6 2. d4 d6 3. g3 Bg7 4. Bg2 Nf6 5. O-O O-O 6. b3 c6 7. Bb2 a5 8. a4 Nbd7 {A49: 1 d4 Nf6 2 Nf3 g6 3 g3: Anti-King's Indian systems} (8... Bf5 9. Nh4 Bc8 10. e4 e5 11. dxe5 Ng4 12. Nf3 Nxe5 13. Nxe5 Bxe5 14. Bxe5 dxe5 15. Qxd8 Rxd8 16. Na3 {1-0 (96) Alonso Rosell,A (2524)-Edouard,R (2644) Sitges 2018}) 9. Nbd2 Re8 10. e4 e5 {The position is equal.} 11. dxe5 dxe5 12. Re1 $146 {White wants to play Nc4.} ({Predecessor:} 12. Nc4 Nxe4 13. Nfxe5 Nxe5 14. Qxd8 Rxd8 15. Bxe5 Nc3 16. Rfe1 Bf5 {½-½ (16) Matovic,M (2315)-Perovic,Z (2143) Kragujevac 2017}) 12... b5 13. Nf1 Bb7 14. Qd2 Qb6 15. Bc3 b4 16. Bb2 Rad8 17. Qe3 Nc5 $36 {[%mdl 2048] White is under pressure.} 18. N1d2 $2 (18. N3d2 $11 {and White stays safe.}) 18... Ng4 $19 19. Qe2 Ba6 20. Nc4 Bxc4 $1 21. bxc4 Nf6 22. Nd2 Nfd7 23. h4 Nf8 (23... Bf8 {feels hotter.} 24. Bc1 Qc7 25. Nb3 Nxb3 26. cxb3 Nc5) 24. Qe3 {[#]} Nxa4 $1 {[%mdl 512] Hoping for ...Qxe3.} 25. Rxa4 $2 (25. c5 $17 Qxc5 26. Qxc5 Nxc5 27. Rxa5) 25... Qxe3 26. Rxe3 {Strongly threatening Rd3.} Rxd2 27. Rxa5 Rxc2 28. Rb3 Rb8 ({Don't take} 28... Rxc4 29. Bf1 $17) (28... Rd8 $142 {Threatens to win with ...Rdd2.} 29. Bh3 Rd1+ 30. Bf1 Rdd2) 29. Bf1 Ne6 30. Bd3 Rd2 31. c5 {[#]} (31. Kg2 {was called for.}) 31... h5 (31... Bf8 $1 $19 {and Black stays clearly on top.} 32. Bxe5 Re8) 32. Kf1 (32. Bf1 $17) 32... Rd1+ $2 (32... Rd8 $19 33. Bc4 Rc2 34. Bxe6 fxe6 35. Rxb4 Rdd2) 33. Ke2 $11 {[#]} Rc1 $1 {[%mdl 512]} 34. Rxb4 $2 ({White should play} 34. Raa3 $15 Rh1 35. Ra5) (34. Bxc1 Nd4+) 34... Nd4+ $19 35. Bxd4 Rxb4 36. Be3 $2 (36. Ba1) 36... Rb2+ {Black is clearly winning.} 37. Kf3 Rc3 38. Ra8+ Kh7 39. Rd8 Bh6 {Accuracy: White = 27%, Black = 53%.} 0-1

[Event "12th Asrian Memorial 2019"]
[Site "Yerevan"]
[Date "2019.06.11"]
[Round "1.3"]
[White "Petrosian, Tigran L."]
[Black "Grigoryan, Aram"]
[Result "1-0"]
[WhiteElo "2612"]
[BlackElo "1957"]
[Annotator "TA"]
[PlyCount "25"]
[EventDate "2019.06.11"]
[EventType "swiss"]
[EventCountry "ARM"]
[SourceTitle "playchess.com"]
[Source "ChessBase"]
[SourceQuality "1"]

{[%evp 15,25,10,22,-31,248,294,289,262,1251,1216,1169,1160]} 1. e4 e6 2. d4 d5 3. Nc3 Bb4 4. e5 c5 5. a3 Bxc3+ 6. bxc3 Ne7 7. Qg4 O-O 8. Bd3 Nbc6 9. Bg5 {C18: French: 3 Nc3 Bb4: Main line: 7 h4 and 7 Qg4} ({Better is} 9. Nf3 $11 Nf5 10. Bg5) (9. Qh5 Ng6 10. Nf3 Qc7 11. Be3 Nce7 12. h4 Bd7 13. Qg4 f5 14. Qh3 cxd4 15. cxd4 Bb5 16. O-O Bxd3 17. cxd3 Rfc8 18. h5 Nf8 19. h6 {0-1 (39) Vallejo Pons,F (2707)-Ivanchuk,V (2726) Riadh 2017}) 9... c4 $2 {[%mdl 8192] [#]} (9... Qa5 $15 {stays ahead.} 10. Ne2 cxd4) 10. Bf6 $1 $18 {[%csl Gf6][%cal Rg4g7][%mdl 512]} g6 {And now ...Qa5 would win.} 11. Qg5 $146 {Threatening mate with Qh6.} ({Predecessor:} 11. Be2 Qa5 12. Kd2 Nf5 13. Nf3 Nb8 14. Qf4 Nd7 15. g4 Qc7 16. Bg5 Ng7 {1-0 (28) Staggat,R (1977)-Jovanovic,B (2059) LSS email 2009}) 11... cxd3 $2 {[#]} (11... Qa5 12. Kd2 cxd3 13. Bxe7 h6) 12. g4 $1 {White wants to mate with Qh6.} Nxe5 13. dxe5 1-0

[Event "12th Asrian Memorial 2019"]
[Site "Yerevan"]
[Date "2019.06.11"]
[Round "1.4"]
[White "Mkrtchyan, Mariam"]
[Black "Andriasian, Zaven"]
[Result "0-1"]
[WhiteElo "1956"]
[BlackElo "2600"]
[Annotator "TA"]
[PlyCount "46"]
[EventDate "2019.06.11"]
[EventType "swiss"]
[EventCountry "ARM"]
[SourceTitle "playchess.com"]
[Source "ChessBase"]
[SourceQuality "1"]

{[%evp 9,83,22,44,6,12,9,11,8,33,0,10,0,16,18,28,-8,35,45,61,-63,-56,-61,0,0,0,-4,0,16,0,1,18,0,0,-28,0,-189,-193,-217,-165,-156,-159,-439,-439,-404,-418,-461,-462,-441,-420,-437,-227,-233,-220,-226,-218,-287,-191,-214,-198,-208,-200,-272,-266,-310,-189,-235,-231,-403,-415,-816,-815,-1935,-1589,-29988,-29989,-29985]} 1. d4 Nf6 2. Nf3 g6 3. g3 c5 4. Bg2 Bg7 5. O-O (5. c4 cxd4 6. Nxd4 Nc6 7. Nc3 O-O 8. O-O Qa5 9. e3 d6 10. h3 Bd7 11. Qe2 Rfc8 12. Rd1 a6 13. Bd2 Qd8 14. Rac1 Rab8 15. Nxc6 Bxc6 16. e4 Nd7 17. Bg5 h6 18. Be3 {½-½ (41) Ding,L (2778)-Bacrot,E (2718) Liaocheng 2018}) 5... Na6 6. e3 {A49: 1 d4 Nf6 2 Nf3 g6 3 g3: Anti-King's Indian systems} d5 7. c3 $146 ({Predecessor:} 7. c4 O-O 8. Nbd2 Bf5 9. Re1 Nb4 10. e4 dxe4 11. Nh4 cxd4 12. Nxe4 Nxe4 13. Nxf5 gxf5 {0-1 (22) Vaughn,M-Wade,C Newport 2015}) 7... O-O 8. Nbd2 {The position is equal.} Qa5 9. Re1 Bf5 10. Ne5 Rac8 11. g4 Be6 $1 12. g5 Nd7 13. Nd3 Bf5 14. Nxc5 (14. Nf4 $1 $14) 14... Ndxc5 $15 15. dxc5 Qc7 ({Black should play} 15... Nxc5 $15 16. Nb3 (16. b4 $2 Qa4 $19) 16... Nxb3 17. Qxb3 Be6 18. Qxb7 Rc7) 16. Bxd5 $11 Nxc5 17. e4 Bd7 $36 {[%mdl 2048] Black has some pressure.} 18. Nb3 Na4 19. Nd4 b5 {[%cal Bb7b5,Bb5b4][%mdl 32]} 20. Bb3 Nc5 21. Bc2 b4 22. c4 $2 {[#]} (22. cxb4 $11 {and White stays safe.} Bxd4 23. Qxd4) 22... Rfd8 $1 $19 {[%mdl 1024] ...Be8 is the strong threat. Black has strong compensation.} 23. Nb3 Ne6 {Played: Nc5-a4} 0-1

[Event "12th Asrian Memorial 2019"]
[Site "Yerevan"]
[Date "2019.06.11"]
[Round "1.5"]
[White "Kulaots, Kaido"]
[Black "Arakelyan, Nare"]
[Result "1-0"]
[WhiteElo "2574"]
[BlackElo "1927"]
[Annotator "ChessBase"]
[PlyCount "51"]
[EventDate "2019.06.11"]
[EventType "swiss"]
[EventCountry "ARM"]
[SourceTitle "playchess.com"]
[Source "ChessBase"]
[SourceQuality "1"]
[TimeControl "40/5400+30:1800+30"]

1. e4 {[%emt 0:00:00]} c5 {[%emt 0:00:00]} 2. Nf3 {[%emt 0:00:00]} d6 {[%emt 0:00:00]} 3. d4 {[%emt 0:00:20]} cxd4 {[%emt 0:00:08]} 4. Nxd4 {[%emt 0:00:06]} Nf6 {[%emt 0:00:03]} 5. Nc3 {[%emt 0:00:15]} a6 {[%emt 0:00:14]} 6. Be2 {[%emt 0:00:37]} e5 {[%emt 0:00:49]} 7. Nf3 {[%emt 0:01:36]} Be7 {[%emt 0:01:31]} 8. Bg5 {[%emt 0:02:06]} Be6 {[%emt 0:02:49]} 9. Bxf6 {[%emt 0:07:36]} Bxf6 {[%emt 0:02:00]} 10. Nd5 {[%emt 0:01:28]} Nd7 {[%emt 0:06:40]} 11. O-O {[%emt 0:07:56]} O-O {[%emt 0:01:57]} 12. a4 {[%emt 0:05:25]} Rc8 {[%emt 0:04:17]} 13. c3 {[%emt 0:10:23]} Be7 {[%emt 0:09:32]} 14. Ne1 {[%emt 0:15:06]} Nc5 {[%emt 0:05:22]} 15. Bf3 {[%emt 0:03:13]} Bxd5 {[%emt 0:05:28]} 16. Qxd5 {[%emt 0:00:26]} Qb6 {[%emt 0:00:46]} 17. Bg4 {[%emt 0:12:55]} Qxb2 {[%emt 0:24:21]} 18. Ra2 {[%emt 0:02:23]} Qxc3 {[%emt 0:00:05]} 19. Bxc8 {[%emt 0:00:14]} Rxc8 {[%emt 0:00:01]} 20. Nc2 {[%emt 0:07:57]} Rc6 {[%emt 0:04:55]} 21. Ne3 {[%emt 0:01:56]} Qb4 {[%emt 0:03:26]} 22. Rc2 {[%emt 0:12:10]} Qxa4 {[%emt 0:04:17]} 23. Rb1 {[%emt 0:00:30]} Qxe4 {[%emt 0:09:13]} 24. Rxb7 {[%emt 0:00:41]} Qxd5 {[%emt 0:01:57]} 25. Rb8+ {[%emt 0:00:20]} Bf8 {[%emt 0:00:11]} 26. Nxd5 {[%emt 0:00:06]} 1-0

[Event "12th Asrian Memorial 2019"]
[Site "Yerevan"]
[Date "2019.06.11"]
[Round "1.6"]
[White "Sahakyan, Aleks"]
[Black "Harutyunian, Tigran K."]
[Result "0-1"]
[WhiteElo "1887"]
[BlackElo "2552"]
[Annotator "ChessBase"]
[PlyCount "103"]
[EventDate "2019.06.11"]
[EventType "swiss"]
[EventCountry "ARM"]
[SourceTitle "playchess.com"]
[Source "ChessBase"]
[SourceQuality "1"]
[TimeControl "40/5400+30:1800+30"]

1. e4 {[%emt 0:00:00]} e5 {[%emt 0:00:10]} 2. Nf3 {[%emt 0:00:00]} Nc6 {[%emt 0:00:09]} 3. Bb5 {[%emt 0:00:00]} a6 {[%emt 0:01:03]} 4. Ba4 {[%emt 0:00:00]} Nf6 {[%emt 0:00:09]} 5. O-O {[%emt 0:00:00]} Be7 {[%emt 0:02:40]} 6. Bxc6 {[%emt 0:00:39]} dxc6 {[%emt 0:01:06]} 7. d3 {[%emt 0:00:08]} Nd7 {[%emt 0:02:35]} 8. Nbd2 {[%emt 0:00:43]} c5 {[%emt 0:13:29]} 9. Nc4 {[%emt 0:00:37]} f6 {[%emt 0:00:31]} 10. Nh4 {[%emt 0:02:23]} O-O {[%emt 0:01:46]} 11. f4 {[%emt 0:07:34]} b5 {[%emt 0:08:46]} 12. Na5 {[%emt 0:02:30]} Bd6 {[%emt 0:00:36]} 13. f5 {[%emt 0:10:33]} c6 {[%emt 0:05:19]} 14. Bd2 {[%emt 0:02:32]} Nb8 {[%emt 0:21:41]} 15. a3 {[%emt 0:15:42]} Bc7 {[%emt 0:02:01]} 16. b4 {[%emt 0:00:06]} c4 {[%emt 0:02:55]} 17. Rf3 {[%emt 0:02:03]} c5 {[%emt 0:00:44]} 18. dxc4 {[%emt 0:02:43]} Qd4+ {[%emt 0:08:10]} 19. Be3 {[%emt 0:04:42]} Qxe4 {[%emt 0:00:36]} 20. Bxc5 {[%emt 0:00:15]} Rd8 {[%emt 0:01:37]} 21. Rd3 {[%emt 0:02:07]} Nd7 {[%emt 0:04:36]} 22. Qh5 {[%emt 0:08:31]} Bxa5 {[%emt 0:01:49]} 23. bxa5 {[%emt 0:00:31]} Bb7 {[%emt 0:02:36]} 24. Be7 {[%emt 0:02:47]} bxc4 {[%emt 0:02:24]} 25. Rd6 {[%emt 0:00:21]} Re8 {[%emt 0:01:29]} 26. Rxd7 {[%emt 0:00:15]} Bc6 {[%emt 0:00:34]} 27. Rd6 {[%emt 0:09:50]} Rxe7 {[%emt 0:00:15]} 28. Rad1 {[%emt 0:00:49]} Rf8 {[%emt 0:01:12]} 29. Rxc6 {[%emt 0:01:49]} Qxc6 {[%emt 0:00:44]} 30. Ng6 {[%emt 0:00:35]} Qc5+ {[%emt 0:02:44]} 31. Kh1 {[%emt 0:00:36]} Rb8 {[%emt 0:00:37]} 32. Nxe7+ {[%emt 0:00:28]} Qxe7 {[%emt 0:00:08]} 33. h3 {[%emt 0:02:13]} Qxa3 {[%emt 0:00:50]} 34. Qg4 {[%emt 0:01:53]} Qa4 {[%emt 0:02:02]} 35. Rd6 {[%emt 0:02:23]} Qxc2 {[%emt 0:01:18]} 36. Rc6 {[%emt 0:02:01]} h5 {[%emt 0:01:35]} 37. Qf3 {[%emt 0:01:35]} Rb1+ {[%emt 0:03:35]} 38. Kh2 {[%emt 0:00:02]} Qd1 {[%emt 0:00:08]} 39. Qxd1 {[%emt 0:03:59]} Rxd1 {[%emt 0:00:02]} 40. Rxa6 {[%emt 0:00:00]} Ra1 {[%emt 0:00:00]} 41. Rc6 {[%emt 0:00:34]} Kh7 {[%emt 0:03:13]} 42. Rxc4 {[%emt 0:00:47]} Rxa5 {[%emt 0:00:06]} 43. h4 {[%emt 0:00:25]} Ra1 {[%emt 0:02:48]} 44. g4 {[%emt 0:03:34]} hxg4 {[%emt 0:01:45]} 45. Kg2 {[%emt 0:00:16]} Rd1 {[%emt 0:02:11]} 46. Kg3 {[%emt 0:01:58]} Rd4 {[%emt 0:01:12]} 47. Rc7 {[%emt 0:00:20]} Rf4 {[%emt 0:00:15]} 48. Re7 {[%emt 0:00:10]} Kh6 {[%emt 0:00:49]} 49. Re8 {[%emt 0:00:46]} Rxf5 {[%emt 0:00:09]} 50. Kxg4 {[%emt 0:00:06]} Rf4+ {[%emt 0:00:06]} 51. Kg3 {[%emt 0:00:02]} Kh7 52. Kh2 0-1

[Event "12th Asrian Memorial 2019"]
[Site "Yerevan"]
[Date "2019.06.11"]
[Round "1.7"]
[White "Vaganian, Rafael A"]
[Black "Karamyan, Vardan"]
[Result "1/2-1/2"]
[WhiteElo "2526"]
[BlackElo "1877"]
[Annotator "ChessBase"]
[PlyCount "74"]
[EventDate "2019.06.11"]
[EventType "swiss"]
[EventCountry "ARM"]
[SourceTitle "playchess.com"]
[Source "ChessBase"]
[SourceQuality "1"]
[TimeControl "40/5400+30:1800+30"]

1. d4 {[%emt 0:00:00]} d5 {[%emt 0:00:00]} 2. c4 {[%emt 0:00:00]} c6 {[%emt 0:00:01]} 3. Nf3 {[%emt 0:00:02]} Nf6 {[%emt 0:00:21]} 4. Nc3 {[%emt 0:00:29]} a6 {[%emt 0:01:43]} 5. c5 {[%emt 0:01:36]} Nbd7 {[%emt 0:01:36]} 6. Bf4 {[%emt 0:03:25]} g6 {[%emt 0:00:44]} 7. h3 {[%emt 0:00:52]} Bg7 {[%emt 0:00:14]} 8. e3 {[%emt 0:00:04]} O-O {[%emt 0:00:25]} 9. Be2 {[%emt 0:01:40]} Ne8 {[%emt 0:02:59]} 10. O-O {[%emt 0:02:02]} Nc7 {[%emt 0:02:00]} 11. b4 {[%emt 0:03:29]} Re8 {[%emt 0:08:06]} 12. Qd2 {[%emt 0:06:04]} e5 {[%emt 0:06:27]} 13. Nxe5 {[%emt 0:00:18]} Nxe5 {[%emt 0:00:07]} 14. Bxe5 {[%emt 0:00:06]} Bxe5 {[%emt 0:00:08]} 15. dxe5 {[%emt 0:00:05]} a5 {[%emt 0:01:01]} 16. a3 {[%emt 0:00:17]} axb4 {[%emt 0:00:44]} 17. axb4 {[%emt 0:00:03]} Rxa1 {[%emt 0:00:05]} 18. Rxa1 {[%emt 0:00:04]} Rxe5 {[%emt 0:00:26]} 19. b5 {[%emt 0:07:44]} Re8 {[%emt 0:21:21]} 20. Ra7 {[%emt 0:04:07]} Ne6 {[%emt 0:05:13]} 21. Na4 {[%emt 0:00:15]} Nxc5 {[%emt 0:27:47]} 22. Nxc5 {[%emt 0:15:53]} Qb6 {[%emt 0:02:33]} 23. Ra5 {[%emt 0:00:21]} Qxc5 {[%emt 0:00:26]} 24. bxc6 {[%emt 0:00:04]} Qb6 {[%emt 0:02:33]} 25. Rxd5 {[%emt 0:01:03]} bxc6 {[%emt 0:00:38]} 26. Rd6 {[%emt 0:00:04]} Be6 {[%emt 0:04:43]} 27. Bf3 {[%emt 0:06:31]} Qb1+ {[%emt 0:01:53]} 28. Kh2 {[%emt 0:00:56]} c5 {[%emt 0:00:23]} 29. Rc6 {[%emt 0:00:05]} Qb8+ {[%emt 0:03:47]} 30. g3 {[%emt 0:03:26]} Qe5 {[%emt 0:00:36]} 31. Bg2 {[%emt 0:00:26]} c4 {[%emt 0:01:42]} 32. f4 {[%emt 0:00:32]} Qb8 {[%emt 0:01:42]} 33. g4 {[%emt 0:09:39]} Rc8 {[%emt 0:00:54]} 34. Rxc8+ {[%emt 0:01:08]} Qxc8 {[%emt 0:00:12]} 35. Qc3 {[%emt 0:00:02]} Qb8 {[%emt 0:01:29]} 36. Qf6 {[%emt 0:00:16]} Qc7 {[%emt 0:00:27]} 37. Qc3 {[%emt 0:00:32]} Qc8 1/2-1/2

[Event "12th Asrian Memorial 2019"]
[Site "Yerevan"]
[Date "2019.06.11"]
[Round "1.8"]
[White "Khudoyan, Artur"]
[Black "Sargsyan, Shant"]
[Result "0-1"]
[WhiteElo "1874"]
[BlackElo "2512"]
[Annotator "ChessBase"]
[PlyCount "50"]
[EventDate "2019.06.11"]
[EventType "swiss"]
[EventCountry "ARM"]
[SourceTitle "playchess.com"]
[Source "ChessBase"]
[SourceQuality "1"]
[TimeControl "40/5400+30:1800+30"]

1. e4 {[%emt 0:00:00]} c5 {[%emt 0:00:27]} 2. Nf3 {[%emt 0:00:00]} a6 {[%emt 0:00:42]} 3. c3 {[%emt 0:00:08]} d5 {[%emt 0:00:40]} 4. exd5 {[%emt 0:01:02]} Qxd5 {[%emt 0:00:17]} 5. d4 {[%emt 0:01:17]} Bg4 {[%emt 0:00:49]} 6. Be2 {[%emt 0:00:39]} e6 {[%emt 0:00:40]} 7. O-O {[%emt 0:01:33]} Nf6 {[%emt 0:00:34]} 8. c4 {[%emt 0:10:31]} Qd8 {[%emt 0:03:25]} 9. Qa4+ {[%emt 0:04:32]} Qd7 {[%emt 0:06:17]} 10. Qb3 {[%emt 0:01:49]} Nc6 {[%emt 0:04:56]} 11. d5 {[%emt 0:30:59]} exd5 {[%emt 0:05:37]} 12. cxd5 {[%emt 0:00:07]} Nxd5 {[%emt 0:02:38]} 13. Rd1 {[%emt 0:01:00]} O-O-O {[%emt 0:02:03]} 14. Nc3 {[%emt 0:01:55]} Nxc3 {[%emt 0:02:47]} 15. Qxc3 {[%emt 0:06:46]} Qxd1+ {[%emt 0:00:25]} 16. Bxd1 {[%emt 0:00:12]} Rxd1+ {[%emt 0:00:05]} 17. Ne1 {[%emt 0:00:08]} Bd6 {[%emt 0:00:12]} 18. f3 {[%emt 0:15:04]} Re8 {[%emt 0:01:08]} 19. Kf2 {[%emt 0:01:38]} Rdxe1 {[%emt 0:01:18]} 20. Qxe1 {[%emt 0:00:10]} Rxe1 {[%emt 0:00:03]} 21. Kxe1 {[%emt 0:00:10]} Be6 {[%emt 0:00:08]} 22. Be3 {[%emt 0:00:33]} Nb4 {[%emt 0:00:41]} 23. Rd1 {[%emt 0:00:26]} Nc2+ {[%emt 0:00:51]} 24. Kf2 {[%emt 0:00:14]} Nxe3 {[%emt 0:00:05]} 25. Rxd6 {[%emt 0:00:22]} Nd5 {[%emt 0:00:06]} 0-1

[Event "12th Asrian Memorial 2019"]
[Site "Yerevan"]
[Date "2019.06.11"]
[Round "1.9"]
[White "Babujian, Levon"]
[Black "Matevosyan, Matevos"]
[Result "1-0"]
[WhiteElo "2485"]
[BlackElo "1874"]
[Annotator "ChessBase"]
[PlyCount "81"]
[EventDate "2019.06.11"]
[EventType "swiss"]
[EventCountry "ARM"]
[SourceTitle "playchess.com"]
[Source "ChessBase"]
[SourceQuality "1"]
[TimeControl "40/5400+30:1800+30"]

1. d4 {[%emt 0:00:00]} Nf6 {[%emt 0:00:00]} 2. Bg5 {[%emt 0:00:00]} Ne4 {[%emt 0:00:00]} 3. Bf4 {[%emt 0:00:00]} d5 {[%emt 0:00:07]} 4. f3 {[%emt 0:00:00]} Nf6 {[%emt 0:01:25]} 5. Nc3 {[%emt 0:00:02]} c5 {[%emt 0:02:53]} 6. e3 {[%emt 0:01:01]} e6 {[%emt 0:02:54]} 7. Nge2 {[%emt 0:02:29]} Be7 {[%emt 0:17:35]} 8. Qd2 {[%emt 0:01:02]} Nh5 {[%emt 0:10:07]} 9. Be5 {[%emt 0:03:06]} Nc6 {[%emt 0:08:15]} 10. g4 {[%emt 0:00:55]} Bh4+ {[%emt 0:00:45]} 11. Bg3 {[%emt 0:01:21]} cxd4 {[%emt 0:04:16]} 12. exd4 {[%emt 0:00:35]} Nxg3 {[%emt 0:01:41]} 13. hxg3 {[%emt 0:00:06]} Bf6 {[%emt 0:00:41]} 14. f4 {[%emt 0:00:06]} g5 {[%emt 0:02:49]} 15. O-O-O {[%emt 0:00:20]} gxf4 {[%emt 0:12:29]} 16. gxf4 {[%emt 0:00:46]} Qb6 {[%emt 0:05:22]} 17. g5 {[%emt 0:00:54]} Be7 {[%emt 0:04:28]} 18. Qd3 {[%emt 0:00:16]} Nb4 {[%emt 0:01:13]} 19. Qe3 {[%emt 0:00:09]} Bd7 {[%emt 0:01:07]} 20. Bg2 {[%emt 0:03:39]} O-O-O {[%emt 0:06:05]} 21. a3 {[%emt 0:02:45]} Nc6 {[%emt 0:01:14]} 22. Bxd5 {[%emt 0:07:07]} exd5 {[%emt 0:01:13]} 23. Nxd5 {[%emt 0:00:05]} Qa6 {[%emt 0:02:06]} 24. Nxe7+ {[%emt 0:00:14]} Nxe7 {[%emt 0:00:21]} 25. Qxe7 {[%emt 0:00:06]} Bc6 {[%emt 0:05:37]} 26. d5 {[%emt 0:02:05]} Bxd5 {[%emt 0:01:04]} 27. Qc5+ {[%emt 0:00:48]} Bc6 {[%emt 0:00:11]} 28. Nd4 {[%emt 0:00:15]} Rd5 {[%emt 0:01:41]} 29. Qc3 {[%emt 0:00:13]} Rhd8 {[%emt 0:00:35]} 30. Rhe1 {[%emt 0:01:11]} Qb6 {[%emt 0:04:44]} 31. Nxc6 {[%emt 0:00:55]} Rxd1+ {[%emt 0:00:07]} 32. Rxd1 {[%emt 0:00:03]} bxc6 {[%emt 0:02:01]} 33. Re1 {[%emt 0:00:14]} Kb7 {[%emt 0:00:47]} 34. Kb1 {[%emt 0:00:07]} Qc7 {[%emt 0:00:18]} 35. Qb4+ {[%emt 0:00:08]} Kc8 {[%emt 0:00:24]} 36. Re5 {[%emt 0:00:56]} f6 {[%emt 0:00:31]} 37. gxf6 {[%emt 0:00:26]} Rd1+ {[%emt 0:00:05]} 38. Ka2 {[%emt 0:00:03]} Qf7+ {[%emt 0:00:09]} 39. Qb3 {[%emt 0:00:53]} Qxf6 {[%emt 0:00:14]} 40. Re6 {[%emt 0:00:00]} Qg7 {[%emt 0:00:00]} 41. Rxc6+ {[%emt 0:00:34]} 1-0